LEADER 01005nam a2200265 i 4500 001 991000878639707536 005 20020510124445.0 008 990427s1961 be ||| | fre 035 $ab11424588-39ule_inst 035 $aPARLA160891$9ExL 040 $aDip.to Scienze Storiche Fil. e Geogr.$bita 100 1 $aGhellinck, Joseph : de$0180657 245 10$aComplements a l'etude de la patristique /$cJ. de Ghellinck 260 $aGembloux :$bDuculot,$c1961 300 $axiv, 521 p. ;$c26 cm. 490 0 $aPatristique et moyen âge ;$v3 650 4$aMedioevo - Patristica 650 4$aPatristica$yMedioevo 740 0 $aMuseum lessianum. Section historique$n7 907 $a.b11424588$b01-03-17$c01-07-02 912 $a991000878639707536 945 $aLE009 STOR.34-148b$cv. 3$g1$i2009000013421$lle009$o-$pE0.00$q-$rn$so $t0$u0$v0$w0$x0$y.i11614857$z01-07-02 996 $aComplements a l'etude de la patristique$9819230 997 $aUNISALENTO 998 $ale009$b01-01-99$cm$da $e-$ffre$gbe $h0$i1 LEADER 02731nam 2200577 450 001 9910297041603321 005 20230502163911.0 010 $a1-5261-3751-8 024 7 $a10.7765/9781526137517 035 $a(CKB)4100000007276981 035 $a(NjHacI)994100000007276981 035 $a(DE-B1597)659691 035 $a(DE-B1597)9781526137517 035 $a(EXLCZ)994100000007276981 100 $a20230502d2002 uy 0 101 0 $aeng 135 $aur||||||||||| 181 $ctxt$2rdacontent 182 $cc$2rdamedia 183 $acr$2rdacarrier 200 10$aMapping European security after Kosovo /$fPeter van Ham, Sergei Medvedev 210 1$aManchester, UK :$cManchester University Press,$d2002. 215 $a1 online resource (x, 197 pages) 327 $aPreface: Kosovo and the outlines of Europe's new order / Sergei Medvedev and Peter van Ham Kosovo: a European fin de sie?cle / Sergei Medvedev Simulating European security: Kosovo and the Balkanisation-integration nexus / Peter van Ham Kosovo and the end of war / Pertti Joenniemi Kosovo and the end of the legitimate warring state / Iver B. Neumann Kosovo and the end of the United Nations? / Heikki Patoma?ki Kosov@ and the politics of representation / Maja Zehfuss "vvv.nato.int.": virtuousness, virtuality and virtuosity in NATO's representation of the Kosovo campaign / Andreas Behnke Of models and monsters: language games in the Kosovo war / Mika Aaltola "War is never civilised": civilisation, civil society and the Kosovo war / Mikkel Vedby Rasmussen Chechnya and Kosovo: reflections in a distorting mirror / Christoph Zu?rcher. 330 $aThis study provides new horizons on how Kosovo has shaped the new Europe - breaking down traditional assumptions in the field of security studies by sidelining the theoretical worldview that underlies mainstream strategic thinking on recent events in Kosovo. 606 $aEthnic relations 610 $aBalkanisation-integration nexus. 610 $aEurope security. 610 $aEuropean Weltanschauung. 610 $aEuropean integration. 610 $aKosovo. 610 $aSerbia. 610 $aUnited Nations. 610 $aallied bombing campaign. 610 $aethnic cleansing campaign. 610 $aglobalisation. 610 $amodernity. 610 $apost-Cold War. 610 $asovereignty. 610 $astatehood. 610 $awarring state. 615 0$aEthnic relations. 676 $a305.8 700 $aHam$b Peter van$0800783 702 $aMedvedev$b Sergei 801 0$bNjHacI 801 1$bNjHacl 906 $aBOOK 912 $a9910297041603321 996 $aMapping European security after Kosovo$93186772 997 $aUNINA